| 000 | 00935nam a2200277 u 4500 | ||
|---|---|---|---|
| 001 | 000062326 | ||
| 005 | 20200120224227.0 | ||
| 008 | 140717s2009 ck a r 000 0 spa d | ||
| 020 | _a9789583027116 | ||
| 041 | 0 |
_aJspa _heng |
|
| 082 | 0 | 4 | _221 |
| 090 |
_aJH _bROMANc |
||
| 100 | 1 | _aRoman, Annette | |
| 245 | 1 | 3 |
_aCorrupción : _bel costo de la avaricia / _cAnnette Roman ; traducción de Felipe Estrada Prada. |
| 250 | _a1a. ed. | ||
| 260 |
_aBogotá : _bPanamericana, _c2009. |
||
| 300 |
_a42 p. : _bil. ; _e21 cm. |
||
| 490 | 0 |
_aMundo manga ; _v6 |
|
| 534 | _tTitulo original : Corruption : Broken trust | ||
| 650 | 1 | 7 |
_aTiras cómicas, historietas, etc. _2LEMB |
| 650 | 2 | 7 |
_aLiteratura juvenil _2LEMB |
| 650 | 2 | 7 |
_aCorrupción _vTiras cómicas, historietas, etc. _2LEMB |
| 650 | 2 | 7 |
_aAvaricia _vTiras cómicas, historietas, etc. _2LEMB |
| 650 | 2 | 7 |
_aAventuras en la literatura _2LEMB |
| 700 | 1 |
_aEstrada Prada, Felipe _etraductor |
|
| 999 |
_c8583 _d8583 |
||